Vista normal Vista MARC

Entrada Personal Name

Número de registros utilizados en: 3

001 - CONTROL NUMBER

  • control field: 1588

003 - CONTROL NUMBER IDENTIFIER

  • control field: OSt

005 - DATE AND TIME OF LATEST TRANSACTION

  • control field: 20200316153841.0

008 - FIXED-LENGTH DATA ELEMENTS

  • fixed length control field: 200316|| aca||aabn | a|a d

040 ## - CATALOGING SOURCE

  • Original cataloging agency: OSt
  • Transcribing agency: OSt

100 ## - HEADING--PERSONAL NAME

  • Personal name: Ingenieros, Jose,

670 ## - SOURCE DATA FOUND

  • Source citation: Work cat.: (OSt)4328: Ingenieros, Jose, autor, El hombre mediocre / , 1964